seismic evaluation and retrofit of concrete buildings [vol-1] / (Record no. 1349)

000 -LEADER
fixed length control field 00333 a2200085 4500
082 ## - DEWEY DECIMAL CLASSIFICATION NUMBER
Classification number 624.183402 SEI
245 ## - TITLE STATEMENT
Title seismic evaluation and retrofit of concrete buildings [vol-1] /
Statement of responsibility, etc. California Seismic safety commission
260 ## - PUBLICATION, DISTRIBUTION, ETC.
Place of publication, distribution, etc. California :
Date of publication, distribution, etc. California Seismic safety commission,
Name of publisher, distributor, etc. 1996.
300 ## - PHYSICAL DESCRIPTION
Extent variouse pages :
Other physical details ill. ;
Dimensions 27 cm
650 ## - SUBJECT ADDED ENTRY--TOPICAL TERM
Topical term or geographic name entry element concrete building
Holdings
Withdrawn status Lost status Damaged status Not for loan Permanent Location Current Location Shelving location Date acquired Total Checkouts Full call number Barcode Date last seen Price effective from Koha item type
        School of Civil and Environmental Engineering (SCEE) School of Civil and Environmental Engineering (SCEE)       624.183402 SEI NIT-802 01/05/2017 01/05/2017 Book
© 2023 Central Library, National University of Sciences and Technology. All Rights Reserved.